Richelieu der aufstieg zur macht / (Record no. 37134)

MARC details
000 -LEADER
campo de control de longitud fija 00671nam a2200193 i 4500
001 - NÚMERO DE CONTROL
campo de control 37134
003 - IDENTIFICADOR DE NÚMERO DE CONTROL
campo de control ES-MaACL
005 - FECHA Y HORA DE LA ÚLTIMA TRANSACCIÓN
campo de control 20250808070306.0
007 - CAMPO FIJO DE DESCRIPCIÓN FÍSICA--INFORMACIÓN GENERAL
campo de control de longitud fija t|
008 - DATOS DE LONGITUD FIJA--INFORMACIÓN GENERAL
campo de control de longitud fija 030220s1937 gw ||||1| ger d
080 ## - NÚMERO DE LA CLASIFICACIÓN DECIMAL UNIVERSAL
Número de la Clasificación Decimal Universal 929 Richelieu, Armand-Jean du Plessis. Cardinal de
100 1# - ENTRADA PRINCIPAL--NOMBRE DE PERSONA
Nombre de persona Burckhardt, Carl Jacob,
Fechas asociadas al nombre 1891-1974
9 (RLIN) 32583
245 10 - MENCIÓN DEL TÍTULO
Título Richelieu der aufstieg zur macht /
Mención de responsabilidad, etc. Carl J. Burckhardt.
260 ## - PUBLICACIÓN, DISTRIBUCIÓN, ETC.
Lugar de publicación, distribución, etc. München :
Nombre del editor, distribuidor, etc. [s.n.],
Fecha de publicación, distribución, etc. 1937 (
Fabricante Kastner und Callwey)
300 ## - DESCRIPCIÓN FÍSICA
Extensión 543 p. :
Otras características físicas 1 retr., 1 map. ;
Dimensiones 23 cm.
600 14 - PUNTO DE ACCESO ADICIONAL DE MATERIA--NOMBRE DE PERSONA
Nombre de persona Richelieu, Armand Jean du Plessis,
Títulos y otros términos asociados al nombre duc de,
Fechas asociadas al nombre 1585-1642
9 (RLIN) 96947
852 ## - LOCALIZACIÓN
Ubicación ES-MaACL
Número de control de estantería A-5234
Sublocalización o colección R.18093
Holdings
Estatus retirado Estado de pérdida Estado de daño No para préstamo Biblioteca de origen Biblioteca actual Ubicación en estantería Fecha de adquisición Fuente de adquisición Total de préstamos Signatura topográfica completa Código de barras Visto por última vez Precio de reemplazo Tipo de ítem Koha
        Biblioteca del Ateneo de Madrid Biblioteca del Ateneo de Madrid Sala Pecera Planta 1 17/01/2008     A-5234 1039069 23/02/2023 23/02/2023 Libro impreso